00366nam a2200157Ia 4500003000400000005001700004008004100021040000700062041000800069082001700077100002100094245002600115260004000141300001400181365001300195OSt20230331145749.0210423s2010 xx 000 0 und d cAL aeng a820.954 PETF aPETER (Francis). aIndian voices in ELT. aNew DelhibViva Books Pvt Ltdc2010 ax,259bPB b380cINR